000 00732nam a2200229 4500
003 OSt
005 20240624052529.0
006 a
008 240624b |||||||| |||| 00| 0 eng d
020 _a9789712359200
040 _aDWCL-Main lib.
_cOC
082 _2First edition
_aFil. 371.26 P156a 2011
100 _aPaler-Calmorin, Laurentina
245 _aAssessment of student learning 2 /
250 _aFirst edition
260 _aManila :
_bRex Book Store, Inc. ,
_cc2011.
300 _aviii,
_b232 p. : ill. ;
_c25 cm.
504 _aIncludes bibliographical references & index.
650 _a1. Educational tests and measurement.
650 _a2. Educational evaluation.
942 _2ddc
_n0
_cBK - FIL
_eFirst edition
_kFil.
999 _c1215
_d1215